Countries Americans Cannot Travel To - Statistics

General Stats
  • This quiz has been taken 36 times
  • The average score is 22 of 29
Answer Stats
Hint Answer % Correct
Africa Democratic Republic of the Congo
91%
Asia North Korea
91%
Africa Niger
88%
Africa Republic of the Congo
88%
South America Venezuela
88%
Africa Libya
85%
Europe Russia
85%
Asia Afghanistan
82%
Asia Iran
82%
Africa Sudan
82%
Asia Syria
82%
Asia Yemen
82%
Asia China
79%
North America Cuba
79%
Africa Mali
79%
Africa Somalia
79%
Europe Belarus
76%
Africa Chad
76%
Africa Algeria
73%
Africa Eritrea
73%
Asia Oman
70%
Africa Djibouti
64%
Asia Lebanon
64%
Africa Liberia
64%
Asia Israel
61%
Africa Malawi
61%
Africa Ghana
58%
Asia Kyrgyzstan
58%
Asia Timor-Leste
39%
No matching quizzes found
Score Distribution
Percent of People with Each Score
Percentile by Number Answered
Your Score History
You have not taken this quiz